| 000 | 00916cam a22001934a 4500 | ||
|---|---|---|---|
| 005 | 20250605163956.0 | ||
| 008 | 250528s ||||||||||||||||||||||||d | ||
| 035 | _a15483 | ||
| 020 | _a273034545 | ||
| 040 |
_aGR-AtMCL _bgre _dGR-AtMCL _eAACR2 |
||
| 245 | 1 | _aProject Management for Information Systems | |
| 260 |
_bPitman Publishing, _c1991 |
||
| 300 | _a246 | ||
| 520 | _aThe ideal introduction for use in management studies, in information systems and business computing degrees and diplomas, and on short courses. The Analyst as Project Manager, Project Development, Project Planning, Estimating, Project Control, Project Administration and Review, Choosing the Team, Motivating and Leading the Team, Performance Improvement, Managing Quality, Managing the Implementation, Appendix, Glossary of PRINCE Terms, Index. | ||
| 700 | 1 |
_aYeates Don _91416 |
|
| 942 | _cBK | ||
| 999 |
_c1062 _d1062 |
||